LEADER 00991nam a2200217 i 4500 001 000000075118 003 CaOOAMICUS 005 20070627000000.0 008 070627s1961 it u000 u ita u 013 $a46290 040 $aSeMil$bita 100 1 $aVallone, Aldo.$0(OLS)http://semarc/name/7203 245 13$aLa critica dantesca nel settecento ed altri saggi danteschi /$cAldo Vallone. 260 $aFirenze :$bLeo S. Olschki,$c1961. 300 $a239 p. ;$c26 cm. 490 0 $aBiblioteca dell'Archivum romanicum. Serie 1., Storia, letteratura, paleografia ;$v63 830 0$aBiblioteca dell'Archivum romanicum. Serie 1., Storia, letteratura, paleografia ;$v63.$0(OLS)http://semarc/title/21787 850 $aSeMil 852 $aSeMil$W1$xVenegono$y1$m1D V 204$j41270$B41270$CSeMilBibl$Z2$F41274 $81 996 $6245$aLa critica dantesca nel settecento ed altri saggi danteschi$9(OLS)http://semarc/title/121909 996 $6260$aFirenze :$bLeo S. Olschki$9(OLS)http://semarc/publisher/29957 LEADER 01068nam a2200265 i 4500 001 000000160980 003 CaOOAMICUS 005 20260410135808.0 008 070423s1967 it u000 u ita u 013 $a138343 040 $aSeMil$bita 100 1 $aSchwank, Benedikt .$0(OLS)http://semarc/name/27081 245 10$aPrima lettera di Pietro /$cBenedikt Schwank. 250 $a2. ed. 260 $aRoma :$bCittà Nuova,$c1967. 300 $a138 p. ;$c21 cm. 490 0 $aCommenti spirituali del Nuovo Testamento 650 4$aBibbia. Nuovo Testamento. Lettere di Pietro. 1-2 - Commentari, studi, critica, interpretazioni.$0(OLS)http://semarc/subject/45445 830 0$aCommenti spirituali del Nuovo Testamento.$0(OLS)http://semarc/title/537 850 $aSeMil 852 $aSeMil$W1$xVenegono$y1$m2Z II 216$j112422$B112422$CSeMilBibl$Z2$F122578 $81 961 $aRecupero: Altro 996 $6245$aPrima lettera di Pietro$9(OLS)http://semarc/title/120418 996 $6260$aRoma :$bCittà Nuova$9(OLS)http://semarc/publisher/29609